| 000 | 00924cam a2200301 i 4500 | ||
|---|---|---|---|
| 001 | 1913 | ||
| 003 | BD-RjUL | ||
| 005 | 20211208233435.0 | ||
| 008 | 800910r19811980enk b 001 0 eng | ||
| 020 | _a0631181709 | ||
| 020 | _a0631181806 (pbk.) | ||
| 035 | _a(BD-RjUL)1940 | ||
| 040 |
_aDLC _cDLC _dDLC _dBD-RjUL _beng |
||
| 041 | _aeng | ||
| 082 | 0 | 0 |
_a361.610941 _219 _bHIU 1981 |
| 100 | 1 |
_aHill, Michael J. _q(Michael James), _d1937- _96318 |
|
| 245 | 1 | 0 |
_aUnderstanding social policy / _cMichael Hill. |
| 260 |
_aOxford : _bBlackwell : M. Robertson, _cc1980 [Reprinted 1981]. |
||
| 300 |
_avii, 280 p. ; _c23 cm. |
||
| 490 | 0 | _aAspects of social policy | |
| 504 | _aIncludes bibliographical references and indexes. | ||
| 650 | 0 |
_aWelfare state. _95383 |
|
| 650 | 0 |
_aWelfare economics. _96319 |
|
| 651 | 0 |
_aGreat Britain _xSocial policy. _96303 |
|
| 942 |
_2ddc _cBK |
||
| 999 |
_c1913 _d1913 |
||